Execution : The discipline of getting things done

The book that shows how to get the job done and deliver results . . . whether you’re running an entire company or in your first management job. Larry Bossidy is one of the world’s most acclaimed CEOs, a man with few peers who has a track record for delivering results. Ram Charan is a legendary advis...

ver descrição completa

Na minha lista:
Detalhes bibliográficos
Autor principal: Bossidy, Larry
Formato: Livro
Idioma:Undetermined
Publicado em: New York Crown Business 2002
Assuntos:
Tags: Adicionar Tag
Sem tags, seja o primeiro a adicionar uma tag!
Thư viện lưu trữ: Trung tâm Học liệu Trường Đại học Cần Thơ
LEADER 01178nam a2200205Ia 4500
001 CTU_228462
008 210402s9999 xx 000 0 und d
082 |a 658 
082 |b B745 
100 |a Bossidy, Larry 
245 0 |a Execution : 
245 4 |b The discipline of getting things done 
245 0 |c Larry Bossidy, Ram Charan, Charles Burck 
260 |a New York 
260 |b Crown Business 
260 |c 2002 
520 |a The book that shows how to get the job done and deliver results . . . whether you’re running an entire company or in your first management job. Larry Bossidy is one of the world’s most acclaimed CEOs, a man with few peers who has a track record for delivering results. Ram Charan is a legendary advisor to senior executives and boards of directors, a man with unparalleled insight into why some companies are successful and others are not. Together they’ve pooled their knowledge and experience into the one book on how to close the gap between results promised and results delivered that people in business need today. 
650 |a Quản trị,Management 
910 |b dqhieu 
980 |a Trung tâm Học liệu Trường Đại học Cần Thơ